| 000 | 00347nam a2200145Ia 4500 | ||
|---|---|---|---|
| 008 | 150201s2013 xx 000 0 und d | ||
| 082 |
_a610.7367 _bG13D |
||
| 100 | _aDUTTA, D.C. | ||
| 245 | _aTB. OF GYNAECOLOGY CONTRACEPTION | ||
| 250 | _a6TH | ||
| 260 |
_bNCBA _aLONDON _c2013 |
||
| 300 | _a656 | ||
| 650 | _aOBST. & GYNEA. | ||
| 942 |
_2ddc _cBK _04 |
||
| 999 |
_c2181 _d2181 |
||